Statistiques concernant Le Club des 27

Cliquez ici pour prendre le quiz!

Statistiques générales

  • Ce quiz a été pris 83 fois
  • Le résultat moyen est 4 sur 7

Statistiques - réponses

DateRéponse% Correct
1994Kurt Cobain
89%
2011Amy Winehouse
82%
1970Jimi Hendrix
59%
1971Jim Morisson
58%
1970Janis Joplin
53%
1969Brian Jones
29%
1938Robert Johnson
24%

Distribution des résultats

Percentile par nombre de réponses

% des personnes avec chaque résultat

Votre développement - résultats

Vous n’avez pas pris ce quiz